| 000 | 01334nam0a22003011 4500 | ||
|---|---|---|---|
| 001 | rc\786105 | ||
| 005 | 20040301143430.2 | ||
| 035 | _a(NLR Aleph) 006311657 | ||
| 090 |
_a7358168 _c7358168 |
||
| 100 | _a20040301d1983 u |0rusy50 ca | ||
| 101 | 0 | _arus | |
| 102 | _aRU | ||
| 105 | _aa ||||||||| | ||
| 200 | 1 |
_aНепрерывная доставка скальных грузов в цветной металлургии _fГ.Н. Гуленко, В.Т. Полунин, Г.С. Ненахов |
|
| 210 |
_aМ. _cЦНИИцветмет экономики и информ. _d1983 |
||
| 215 |
_a47 с. _cил. _d21 |
||
| 225 | 1 |
_aОбзорная информация _fЦНИИ экономики и информ. цв. металлургии _iОбщеинженерные вопросы цветной металлургии _vВып. 3 |
|
| 300 | _aНа обл. авт. не указаны | ||
| 300 | _aВ надзаг. также: М-во цв. металлургии СССР | ||
| 320 | _aБиблиогр.: с. 45-48 | ||
| 700 | 1 |
_aГуленко _bГ. Н. _gГеннадий Николаевич |
|
| 701 | 1 |
_aПолунин _bВ. Т. _gВиктор Тимофеевич |
|
| 701 | 1 |
_aНенахов _bГ. С. |
|
| 801 | 0 |
_aRU _bNLR _gpsbo |
|
| 801 | 1 |
_aRU _bELAR _2rusmarc |
|
| 852 |
_aNLR _jП10/5675 |
||
| 942 | _cBOOK | ||
| 980 | _aNB | ||